000 00621cam a2200205 4500
001 D6082
008 090401t1949 xxu||||| |||| 00| 0 eng d
035 _a(Sirsi) u84707
041 _aeng
050 _a630.026
090 _a630.026
100 _aJackson, T.C.
245 _aJackson`s agricultural holdings being the Agricultural Holdings Act, 1948 with introduction and explanatory notes and forms together with a manual on tenant-right valuation
260 _aLondon
_bSweet and Maxwell
_c1949
300 _axviii. 508p. 22cm
350 _a0
700 _aHanbury Aggs, W
942 _n0
948 _c04/03/1997
999 _c96969
_d96969